Guess the city by the football derby - Statistics

General Stats
  • This quiz has been taken 49 times
  • The average score is 30 of 40
Answer Stats
Picture Answer % Correct
Barcelona
100%
Lisbon
100%
London
100%
Madrid
100%
Manchester
100%
Milan
100%
Rome
100%
Liverpool
98%
Los Angeles
98%
Istanbul
96%
Moscow
96%
Seville
96%
Turin
96%
Glasgow
93%
Birmingham
91%
Rio de Janeiro
91%
Vienna
89%
Athens
87%
Avellaneda
87%
Buenos Aires
87%
Rotterdam
80%
São Paulo
80%
Prague
78%
Belgrade
76%
Genoa
76%
Riyadh
74%
Mexico City
70%
Cairo
65%
Santiago
63%
Edinburgh
57%
Johannesburg
52%
Belo Horizonte
46%
Casablanca
46%
Montevideo
46%
Tehran
39%
Porto Alegre
35%
Guadalajara
28%
Lima
26%
Quito
26%
Asunción
22%
No matching quizzes found
Score Distribution
Percent of People with Each Score
Percentile by Number Answered
Your Score History
You have not taken this quiz